[Event "SLO-ch qual"]
[Site "Ptuj"]
[Date "2012.05.26"]
[Round "5"]
[White "Kodric, Tilen"]
[Black "Pecnik, David"]
[Result "0-1"]
[WhiteElo "1496"]
[BlackElo "1540"]
[PlyCount "62"]
[EventDate "2012.05.24"]
[EventType "swiss"]
[EventRounds "9"]
[EventCountry "SLO"]
[SourceTitle "EXT 2019"]
[Source "ChessBase"]
[SourceDate "2018.10.10"]
[SourceVersion "1"]
[SourceVersionDate "2018.10.10"]
[SourceQuality "1"]

1. e4 e6 2. d3 d5 3. Nd2 Nf6 4. Ngf3 dxe4 5. dxe4 Be7 6. g3 Nbd7 7. Bg2 0-0 8. 0-0 b6 9. e5 Nd5 10. c4 Nb4 11. Nd4 Rb8 12. a3 c5 13. axb4 cxd4 14. Nf3 Bxb4 15. Qxd4 Bc5 16. Qc3 a5 17. Be3 Qc7 18. Bxc5 Nxc5 19. Rfe1 Bb7 20. b4 axb4 21. Qe3 Rfd8 22. Nd4 Bxg2 23. Kxg2 Ra8 24. Kg1 Ra5 25. Nb5 Qc6 26. Na7 Qb7 27. Rxa5 Rd3 28. Qg5 bxa5 29. Nb5 Ne4 30. Qh4 Nd2 31. Nd4 Rxd4 0-1

[Event "SLO-ch qual"]
[Site "Ptuj"]
[Date "2012.05.24"]
[Round "1"]
[White "Zerjavic, Damir"]
[Black "Pecnik, David"]
[Result "0-1"]
[WhiteElo "1923"]
[BlackElo "1540"]
[PlyCount "94"]
[EventDate "2012.05.24"]
[EventType "swiss"]
[EventRounds "9"]
[EventCountry "SLO"]
[SourceTitle "EXT 2019"]
[Source "ChessBase"]
[SourceDate "2018.10.10"]
[SourceVersion "1"]
[SourceVersionDate "2018.10.10"]
[SourceQuality "1"]

1. d4 Nf6 2. Nf3 c5 3. g3 cxd4 4. Nxd4 g6 5. Bg2 Nc6 6. Nxc6 bxc6 7. 0-0 Bg7 8. c4 0-0 9. c5 Qa5 10. Qc2 Rb8 11. Nd2 Ba6 12. Bf3 Rfc8 13. Nb3 Qc7 14. Rd1 Bb7 15. Bf4 e5 16. Bd2 Qd8 17. Bg5 h6 18. Bxf6 Bxf6 19. Qd2 Rc7 20. Qxh6 Bg5 21. Qh3 f5 22. e4 f4 23. Rd6 Kg7 24. Qg4 fxg3 25. h4 gxf2+ 26. Kg2 Bf6 27. Rf1 Qe7 28. Rxf2 Rh8 29. Be2 Rxh4 30. Qg3 Rf4 31. Rxf4 exf4 32. Qd3 Be5 33. Bg4 Bc8 34. Nd4 Qg5 35. Kf3 Bxd6 36. cxd6 Rb7 37. Nxc6 dxc6 38. Qd4+ Kh7 39. Bxc8 Qg3+ 40. Ke2 f3+ 41. Kd2 Qg2+ 42. Ke3 Qe2+ 43. Kf4 Rf7+ 44. Ke5 f2 45. d7 f1Q 46. d8Q Qf4+ 47. Ke6 Qeg4# 0-1